000 00906na a2200265 4500
001 17959
003 MIRAKIL
005 20181213155149.0
008 161129b tu 000 0
035 _a17959
040 _aMilas
_btur
_cTR-AnCHP
041 _atur
082 _a338.9
_bB37a 1993
090 _a338.9 B37a 1993
111 _aBeş Yıllık Kalkınma Planı
_d1990-1994
_n6.
245 _aAltıncı beş yıllık kalkınma planı (1990-1994)
_b1993 yılı programı
_cDevlet Planlama Teşkilatı
246 _a1993 yılı programı
260 _aAnkara
_bDevlet Planlama Teşkilatı
_c1993
300 _a114 s.
_btbl.
_c27 sm.
610 _aDevlet Planlama Teşkilatı (DPT)
650 _aEkonomi
_xBüyüme ve gelişme
_yKalkınma planı, 1993
650 _aBeş yıllık kalkınma planları
_xProgramlar
_yTürkiye
710 _aDevlet Planlama Teşkilatı (DPT)
942 _2ddc
_cBKS
999 _c7803
_d7803